000 00308nam a22001337a 4500
008 170908b xxu||||| |||| 00| 0 eng d
020 _a9780805055085
041 _aeng
080 _a91
100 _a42
101 _aGJEO
245 _aTHE RIVER AT THE CENTER OF THE WORLD
_cWINCHESTER,S
942 _2udc
_cBK
999 _c26779
_d26779